000 00469nmm a2200157Ia 4500
008 251105s9999||||xx |||||||||||||||||und||
020 _a9788431515133
041 _aspa
100 _aDe Ciencias Médicas DVE, Equipo
245 0 _aArtritis y Reumatismos
264 _a[Madrid, España] :
_bDe Vecchi,
_c[Fecha de publicación no identificada]
300 _a0 páginas
650 _aFamily
856 _uhttps://public.digitaliapublishing.com/a/122779
942 _cCF
999 _c80947
_d80947